Los deseos y la ciudad / (Record no. 22372)

000 -CABECERA
campo de control de longitud fija 00778nam a22002535i 4500
001 - NÚMERO DE CONTROL
campo de control 21352088
003 - IDENTIFICADOR DEL NÚMERO DE CONTROL
campo de control OSt
005 - FECHA Y HORA DE LA ÚLTIMA TRANSACCIÓN
campo de control 20220506133847.0
008 - DATOS DE LONGITUD FIJA--INFORMACIÓN GENERAL
campo de control de longitud fija 191119s2019 pe 000 0 spa
020 ## - NÚMERO INTERNACIONAL ESTÁNDAR DEL LIBRO
Número Internacional Estándar del Libro 9786124436093
035 ## - NÚMERO DE CONTROL DEL SISTEMA
Número de control de sistema (PE-LiEIC)it201600017325
040 ## - FUENTE DE LA CATALOGACIÓN
Centro/agencia transcriptor Biblioteca Municipal de Cusco
082 ## - NÚMERO DE LA CLASIFICACIÓN DECIMAL DEWEY
Número de clasificación 869.56/D232
100 1# - ENTRADA PRINCIPAL--NOMBRE DE PERSONA
Nombre de persona Dancourt, Carlos
9 (RLIN) 47957
245 14 - MENCIÓN DE TÍTULO
Título Los deseos y la ciudad /
Mención de responsabilidad, etc. Carlos Dancourt
250 ## - MENCIÓN DE EDICIÓN
Mención de edición Primera edición.
264 #1 - PRODUCCIÓN, PUBLICACIÓN, DISTRIBUCIÓN, FABRICACIÓN Y COPYRIGHT
Producción, publicación, distribución, fabricación y copyright Lima :
Nombre del de productor, editor, distribuidor, fabricante Lluvia Editores,
Fecha de producción, publicación, distribución, fabricación o copyright 2019.
300 ## - DESCRIPCIÓN FÍSICA
Extensión 91 páginas. :
Dimensiones 24 cm.
490 0# - MENCIÓN DE SERIE
Mención de serie Colección Luis Fernando Vidal. Serie Sahumerio ;
Designación de volumen o secuencia 8
500 ## - NOTA GENERAL
Nota general "Perú - Barcelona"
650 ## - PUNTO DE ACCESO ADICIONAL DE MATERIA--TÉRMINO DE MATERIA
Término de materia o nombre geográfico como elemento de entrada Cuentos peruanos
Subdivisión cronológica -Siglo XX.
9 (RLIN) 47958
800 ## - PUNTO DE ACCESO ADICIONAL DE SERIE--NOMBRE DE PERSONA
Nombre de persona Vidal, Luis Fernando
Fechas asociadas al nombre 1943-1993
9 (RLIN) 47959
942 ## - ELEMENTOS DE PUNTO DE ACCESO ADICIONAL (KOHA)
Fuente del sistema de clasificación o colocación
Tipo de ítem Koha Libros-BMC
Holdings
Estado de retiro Estado de pérdida Fuente del sistema de clasificación o colocación Estado dañado No para préstamo Localización permanente Ubicación/localización actual Ubicación en estantería Fecha de adquisición Coste, precio normal de compra Signatura topográfica completa Código de barras Fecha visto por última vez Precio válido a partir de Tipo de ítem Koha
          Sala Humanidades Sala Humanidades Book Cart 2022-05-06 30.00 869.56/D232 SH0000016193 2022-05-06 2022-05-06 Libros-BMC
          Sala Humanidades Sala Humanidades Book Cart 2022-05-06 30.00 869.56/D232/e.2 SH0000016194 2022-05-06 2022-05-06 Libros-BMC

Powered by Koha